Nedingę laiko dulkėse
| Titel: | Nedingę laiko dulkėse |
|---|---|
| Verfasser: | |
| Körperschaft: | |
| In: |
Vytauto Didžiojo Universitetas: Darbai ir dienos, Band 21 (2000), Seite 297-301, bibliogr. alle Artikel anzeigen |
| Veröffentlicht: | 2000 |
| Format: | Aufsatz |
| Sprache: | Litauisch |
X
alg: 39481687 001A $01999:12-11-16 001B $01999:03-08-21 $t21:03:15.000 001D $01999:12-11-16 001U $0utf8 001X $00 002@ $0Aox 003@ $0394816870 007A $0394816870 $aHEB 007T $0Herda22665v 010@ $alit 011@ $a2000 021A $aNedingę laiko dulkėse 028A $aJanauskas $dPranas 029F $ai-2000-1419 031A $d21 $h297-301, bibliogr. $j2000 039B $aIn $8--Abvc--Vytauto Didžiojo Universitetas [Tb1]. Darbai ir dienos. - Kaunas : Vytauto Didžiojo universitetas, 1995-. - ISSN 1392-0588 $x200000000210000703 $9092484263 039T $8--Afu--Jankauskas, Vidmantas [Tnx]. Nepriklausomos Lietuvos generolai ; 1. - Vilnius : Vilniaus Dailės Akademijos Leidykla, 1998. - 276 S.. - Ill.. - ISBN 9986-571-32-4 $9105203270 045F $a900.94793 $eDDC23BSB 045F/01 $a900 045F/03 $g4793 045T $a7,44 045T $aPHILOS $qDE-12 $2FID lok: 39481687 78 exp: 39481687 78 1 #EPN 201B/01 $018-11-16 $t12:49:50.000 201U/01 $0utf8 203@/01 $079111547X 208@/01 $a12-11-16 $be 209A/01 $a/ $f000 $x00 220C/01 $aTitelaufnehmer: it 220C/01 $aHerkunft: LII Vilnius / Irena Tumelytė 220C/01 $aAnmerkung: *uA 244Z/01 $2Trx $#Litauen $#Lithuania $#Litwa $#Litva $#Litva $8--Trx--Lietuva $x01 $9391193457 244Z/01 $2Trx $#arvustused $#recenzijos $#Reviews $#recenziók $#recenzje $#recenzie $#recenze $8--Trx--Rezensionen $x02 $9391357441 247C/01 $82080>Marburg/Lahn, Herder-Institut, Forschungsbibliothek, Bibliographieportal $9336309341
| LEADER | 00000caa a22000002c 4500 | ||
|---|---|---|---|
| 001 | 394816870 | ||
| 003 | DE-603 | ||
| 005 | 20210803210315.0 | ||
| 007 | tu | ||
| 008 | 161112s2000 xx |||| | u00||u|lit c | ||
| 035 | |a (DE-599)HEB394816870 | ||
| 040 | |a DE-603 |b ger |c DE-603 |d DE-603 | ||
| 041 | |a lit | ||
| 082 | 0 | 4 | |8 1\u |a 900.94793 |q DE-101 |2 23/BSB |
| 084 | |a 7,44 |2 ssgn | ||
| 084 | |a PHILOS |q DE-12 |2 fid | ||
| 085 | |8 1\u |b 900 | ||
| 085 | |8 1\u |z 2 |s 4793 | ||
| 100 | 1 | |a Janauskas, Pranas | |
| 245 | 0 | 0 | |a Nedingę laiko dulkėse |
| 264 | 0 | |c 2000 | |
| 710 | 2 | |a i-2000-1419 | |
| 773 | 0 | 8 | |i In |a Vytauto Didžiojo Universitetas |t Darbai ir dienos |d Kaunas : Vytauto Didžiojo universitetas, 1995- |x 1392-0588 |g Band 21 (2000), Seite 297-301, bibliogr. |w (DE-603)092484263 |w (DE-600)2008877-2 |
| 787 | 0 | 8 | |i Rezension von |a Jankauskas, Vidmantas |t Nepriklausomos Lietuvos generolai ; 1 |d Vilnius : Vilniaus Dailės Akademijos Leidykla, 1998 |h 276 S., Ill. |z 9986571324 |w (DE-603)105203270 |
| 924 | 0 | |9 2080 |a (DE-603)79111547X |b DE-2080 |c HES |d d |g / | |


